Statystyki dla Przypasuj lotnisko w Polsce do jego skrótu

Kliknij tutaj aby rozwiązać quiz!

Ogólne statystyki

  • Ten quiz został rozwiązany 177 razy
  • Średni wynik to 11 z 14

Statystyki odpowiedzi

SkrótLotnisko% Poprawnych
KRKKraków-Balice
97%
KTWKatowice Pyrzowice
95%
POZPoznań-Ławica
95%
RZERzeszów-Jasionka
94%
WROWrocław-Strachowice
94%
GNDGdańsk-Rębiechowo
92%
SZZSzczecin-Goleniów
92%
LUZLublin-Świdnik
86%
BZGBydgoszcz-Szwederowo
80%
WAWWarszawa-Okęcie
77%
WMIWarszawa-Modlin
75%
LCJŁódź-Lubinek
55%
SZYOlsztyn-Mazury
55%
IEGZielona Góra-Babimost
45%

Rozkład punktacji

Percentyl według liczby udzielonych odpowiedzi

Procent ludzi z każdym wynikiem

Twoja historia wyników

Nie rozwiązałeś tego quizu